Libro de resúmenes de la 3º reunión Argentina de micología (Registro nro. 192)
[ vista simple ]
| 000 -LEADER | |
|---|---|
| fixed length control field | 00814nam a22002417a 4500 |
| 005 - DATE AND TIME OF LATEST TRANSACTION | |
| control field | 20250311114501.0 |
| 006 - FIXED-LENGTH DATA ELEMENTS--ADDITIONAL MATERIAL CHARACTERISTICS | |
| fixed length control field | a|||||r|||| 00| 0 |
| 007 - PHYSICAL DESCRIPTION FIXED FIELD--GENERAL INFORMATION | |
| fixed length control field | c| aa aaaaa |
| 008 - FIXED-LENGTH DATA ELEMENTS--GENERAL INFORMATION | |
| fixed length control field | 250203b2022 ag |||||o|||| 00| 0 spa d |
| 040 ## - Fuente de catalogación | |
| Agencia de catalogación original | AR-EsCIE |
| Transcribing agency | AR-EsCIE |
| 245 10 - TITLE STATEMENT | |
| Title | Libro de resúmenes de la 3º reunión Argentina de micología |
| 260 ## - PUBLICATION, DISTRIBUTION, ETC. | |
| Place of publication, distribution, etc. | Esquel : |
| Name of publisher, distributor, etc. | Fundación Hongos de Argentina para la Sustentabilidad, |
| Date of publication, distribution, etc. | 2022. |
| 300 ## - PHYSICAL DESCRIPTION | |
| Extent | 199 p. |
| 347 ## - DIGITAL FILE CHARACTERISTICS | |
| File type | |
| 650 #4 - SUBJECT ADDED ENTRY--TOPICAL TERM | |
| Topical term or geographic name entry element | MICOLOGIA |
| 9 (RLIN) | 23 |
| 650 #4 - SUBJECT ADDED ENTRY--TOPICAL TERM | |
| Topical term or geographic name entry element | ECOLOGIA |
| 9 (RLIN) | 334 |
| 650 #4 - SUBJECT ADDED ENTRY--TOPICAL TERM | |
| Topical term or geographic name entry element | FITOPATOLOGIA |
| 9 (RLIN) | 395 |
| 650 #4 - SUBJECT ADDED ENTRY--TOPICAL TERM | |
| Topical term or geographic name entry element | BIOTECNOLOGIA |
| 9 (RLIN) | 318 |
| 711 ## - ADDED ENTRY--MEETING NAME | |
| Subordinate unit | 3ª |
| Meeting name or jurisdiction name as entry element | Reunión argentina de micología |
| Date of meeting or treaty signing | (17 al 21 de octubre 2022 : |
| Location of meeting | Córdoba, AR) |
| 856 ## - ELECTRONIC LOCATION AND ACCESS | |
| Uniform Resource Identifier | <a href="https://www.hongos.ar/blog/materiales-1/iii-reunion-argentina-de-micologia-30">https://www.hongos.ar/blog/materiales-1/iii-reunion-argentina-de-micologia-30</a> |
| 910 ## - Datos del catalogador | |
| User-option data | PG20250203 |
| 942 ## - ADDED ENTRY ELEMENTS (KOHA) | |
| Source of classification or shelving scheme | Dewey Decimal Classification |
| Koha item type | Recurso electrónico |
| Suppress in OPAC | No |
| Withdrawn status | Lost status | Source of classification or shelving scheme | Damaged status | Not for loan | Home library | Current library | Date acquired | Total checkouts | Date last seen | Price effective from | Koha item type |
|---|---|---|---|---|---|---|---|---|---|---|---|
| Dewey Decimal Classification | CIEFAP | CIEFAP | 02/03/2025 | 02/03/2025 | 02/03/2025 | Recurso electrónico |
